Novéna za pokoj k Panne Márii

Bibliographic Details
Main Author: Vancáková, Soňa (Author)
Format: Book
Language:Slovak
PhysicalDescription:22 strán 15 cm
Published: [Košice] OZ Maják nádeje 2022
ISBN:9788089937264
Subjects:

MARC

LEADER 00000cam a2200000 4500
001 vtls012139453
003 SK-MaSNL
005 20260301151303.0
008 230501s2022 xo grn 000 0 slo
015 |a SNBA2022/06 
020 |a 9788089937264  |q (brožované) 
035 |a urn:nbn:sk:snk-am00ie28 
035 |a 20D6013B-9B4F-4A9F-A096-90D024D83522 
040 |a SNK  |b slo  |c SNK  |e rda 
041 0 |a slo 
044 |a xo  |c SK 
072 7 |a 27-5  |x Liturgia. Kresťanské umenie a symbolika. Duchovný život  |2 konspekt 
080 |a 272-532.3/.4  |2 2011 
080 |a 27-534.3  |2 2011 
080 |a (0:82-97)  |2 2011 
080 |a (041)  |2 2011 
080 |a (0:82-4)  |2 2011 
100 1 |a Vancáková, Soňa  |4 aut  |9 162956 
245 1 0 |a Novéna za pokoj k Panne Márii  |c Soňa Vancáková 
264 1 |a [Košice]  |b OZ Maják nádeje  |c 2022 
300 |a 22 strán  |c 15 cm 
336 |a text  |b txt  |2 rdacontent 
337 |a bez média  |b n  |2 rdamedia 
338 |a zväzok  |b nc  |2 rdacarrier 
504 |a Obsahuje bibliografické odkazy 
650 0 7 |a novény  |2 SNKPH  |9 1969 
650 0 7 |a Novenas  |2 SNKPHeng  |9 311592 
650 0 7 |a litánie  |2 SNKPH  |9 2016 
650 0 7 |a Litanies  |2 SNKPHeng  |9 288017 
655 7 |a modlitby  |2 SNKPH  |9 70550 
655 7 |a Prayers  |2 SNKPHeng  |9 291214 
655 7 |a brožúry  |2 SNKPH  |9 70146 
655 7 |a Brochures  |2 SNKPHeng  |9 283327 
655 7 |a úvahy  |2 SNKPH  |9 29403 
655 7 |a Essays  |2 SNKPHeng  |9 267540 
852 |a Slovenská národná knižnica 
919 |a 978-80-89937-26-4 
954 |a duchovná literatúra pôvodná (slovenská)  |2 lita 
958 |a NB 
958 |a NT 
999 |c 786183  |d 788113 
952 |a SNK  |b SNK  |y PREZ  |7 0  |p 17A1491323  |o snkSE 14086  |i snk2022/9775  |8 0  |0 0  |1 0  |4 0  |d 2022-06-15  |f 1  |l 0  |r 2026-02-24 01:20:14  |w 2026-02-24 
952 |a SNK  |b SNK  |y VYP  |7 0  |p 17A1491324  |o snkSE 14086 D1  |i snk2022/9776  |8 0  |0 0  |1 0  |4 0  |d 2022-06-15  |l 0  |r 2026-02-24 01:20:14  |w 2026-02-24